|
|
|
|
| LEADER |
00000ckm a2200000 a 4500 |
| 001 |
vtls001208449 |
| 003 |
SK-MaSNL |
| 005 |
20260331203254.0 |
| 007 |
kf co |
| 008 |
180703s1990 xo g 0kuslo |
| 015 |
|
|
|a SNBG1990
|
| 035 |
|
|
|a SNK000151519
|
| 040 |
|
|
|a SNK
|b slo
|c SNK
|e AACR2
|
| 041 |
0 |
|
|a slo
|
| 043 |
|
|
|a e-xo---
|
| 044 |
|
|
|a xo
|c SK
|
| 072 |
|
7 |
|a 908(437)
|x Vlastiveda Česka a Slovenska
|2 konspekt
|
| 080 |
|
|
|a 913(437.6)
|2 2011
|
| 080 |
|
|
|a 908(437.6)
|2 2011
|
| 080 |
|
|
|a (084.121)
|2 2011
|
| 080 |
|
|
|a 556.55(234.374.4)
|2 2011
|
| 080 |
|
|
|a 711.455.8
|2 2011
|
| 080 |
|
|
|a 685.531
|2 2011
|
| 080 |
|
|
|a 711.582.7
|2 2011
|
| 080 |
|
|
|a 725.84
|2 2011
|
| 080 |
|
|
|a 629.525
|2 2011
|
| 100 |
1 |
|
|a Ondrejkovič, Ivan,
|d 1935-1998
|4 pht
|9 7599
|
| 245 |
1 |
0 |
|a Slnečné jazerá
|h grafika
|c foto: I. Ondrejkovič ; grafický návrh: J. Býma
|
| 246 |
1 |
|
|i Názov na obrazovej časti:
|a Senec
|
| 260 |
|
|
|a Bratislava
|b ČSTK-Pressfoto
|c 1990
|e Skalica
|f Grafobal
|
| 300 |
|
|
|a 1 pohľadnica (4 čiastkové pohľady)
|b farebná
|c 11 x 15 cm
|
| 520 |
8 |
|
|a Zobrazenie: Štyri čiastkové pohľady, každý v bielom orámovaní, hore aj dole sú vodorovne po celej šírke pohľadnice strieborné pásy. Uprostred je medzi nimi vodorovne modrým písmom názov na striebornom podklade. Pohľad na dieťa ležiace na nafukovačke vo vode na jazere blízko brehu. Za ním sú ostatní rekreanti. V diaľke vidno stromy a budovy z druhého brehu. Pohľad na stany a karavany v autokempingu. Vpravo v popredí sedia na stoličkách pred stanom dve osoby. Vľavo v popredí je osobné auto. Vpravo v pozadí vidno ďalšie vozidlá. Medzi nimi sú rôzne listnaté stromy. Pohľad na dlhú poschodovú rekreačnú budovu vľavo v popredí. Vpravo je pred ňou trávnatá plocha. Pohľad na dve jachty na jazere
|
| 650 |
0 |
7 |
|a rekreačné oblasti
|2 SNKPH
|9 69057
|
| 650 |
0 |
7 |
|a jazerá
|2 SNKPH
|9 19987
|
| 650 |
0 |
7 |
|a stany
|2 SNKPH
|9 51419
|
| 650 |
0 |
7 |
|a autokempingy
|2 SNKPH
|9 784
|
| 650 |
0 |
7 |
|a rekreačné zariadenia
|2 SNKPH
|9 3012
|
| 650 |
0 |
7 |
|a jachty
|2 SNKPH
|9 68366
|
| 651 |
|
7 |
|a Slnečné jazerá (Slovensko)
|2 SNKPHgeo
|9 93691
|
| 651 |
|
7 |
|a Senec (Slovensko)
|2 SNKPHgeo
|9 175132
|
| 655 |
|
7 |
|a geografické pohľadnice
|2 SNKPH
|9 70522
|
| 655 |
|
7 |
|a miestne pohľadnice
|2 SNKPH
|9 70510
|
| 700 |
1 |
|
|a Býma, J.
|c (grafik)
|4 art
|9 283282
|
| 958 |
|
|
|a GBN
|
| 958 |
|
|
|a GC
|
| 958 |
|
|
|a OND
|
| 999 |
|
|
|c 1024477
|d 1026407
|
| 952 |
|
|
|a SNK
|b SNK
|y PREZ
|7 0
|p 17A1243428
|o snkSP 144150
|i snk5782/90
|0 0
|1 0
|4 0
|d 2022-05-20
|f 1
|l 0
|r 2026-02-24 13:34:55
|w 2026-02-24
|
| 952 |
|
|
|a SNK
|b SNK
|y PREZ
|7 0
|p 17A1243420
|o snkSP 144150 D1
|i snk5783/90
|0 0
|1 0
|4 0
|d 2022-05-20
|l 0
|r 2026-02-24 13:34:55
|w 2026-02-24
|
| 952 |
|
|
|a SNK
|b SNK
|y PREZ
|7 0
|p 17A1243421
|o snkSP 144150 D2
|i snk403/92
|0 0
|1 0
|4 0
|d 2022-05-20
|l 0
|r 2026-02-24 13:34:55
|w 2026-02-24
|